Determining the Product Price of Duopolist Considering His Limited Offer and Different Demands of Nodes

Formulácia a riešenie špecifickej priestorovej hry dvoch hráčov rozhodujúcich sa o umiestnení svojich pobočiek v priestore a chcú maximalizovať svoje tržby. Problematika stanovenia ceny jedného hráča na základe vopred stanovenej ceny súpera, aby boli tržby hráča čo najvyššie. Modely priestorovej kon...

Ausführliche Beschreibung

Gespeichert in:
Bibliographische Detailangaben
1. Verfasser: Holzerová, Patrícia, 1995-
Format: Buchkapitel
Sprache:Englisch
Schlagworte:
Tags: Tag hinzufügen
Keine Tags, Fügen Sie das erste Tag hinzu!

MARC

LEADER 00000naa a2200000 4500
001 0283888
005 20240502074411.0
041 0 |a eng 
044 |a SK 
245 1 0 |a Determining the Product Price of Duopolist Considering His Limited Offer and Different Demands of Nodes  |c Patrícia Holzerová 
520 |a Formulácia a riešenie špecifickej priestorovej hry dvoch hráčov rozhodujúcich sa o umiestnení svojich pobočiek v priestore a chcú maximalizovať svoje tržby. Problematika stanovenia ceny jedného hráča na základe vopred stanovenej ceny súpera, aby boli tržby hráča čo najvyššie. Modely priestorovej konkurencie. Určenie ceny produktu duopolistu na základe najlepšej odozvy. 
610 2 0 |a duopoly 
610 2 0 |a konkurencia 
610 2 0 |a ceny 
610 2 0 |a tržby 
100 1 |a Holzerová, Patrícia, 1995-